000 00701nam a2200289Ia 4500
005 20260324140716.0
008 008 260324s9999 xx 000 0 eng d
020 _a9780203984918
037 _aEBOOK
040 _aCRL
040 _beng
040 _cCRL
041 _2eng
041 _aeng
084 _qCRL
100 _aPeter Blatchford
_91205432
245 0 _aSocial Life in School
245 0 _bPupils' experiences of breaktime and recess from 7 to 16
260 _bTaylor and Francis
260 _c1998
365 _a
365 _b80.99
856 _uhttp://www.taylorfrancis.com/books/9780203984918
942 _cEBOOK
999 _c1807775
_d1807775